| 000 | 00766nam a2200229Ia 4500 | ||
|---|---|---|---|
| 003 | CO-CtgCURN | ||
| 005 | 20250408174909.0 | ||
| 008 | 190723s9999 xx 000 0 und d | ||
| 020 | _a9586906620 | ||
| 040 |
_aCO-CtgCURN _bspa _ccoctgcurn |
||
| 082 |
_a345.2 _bF465d |
||
| 100 | _aFierro-Mendez, Heliodoro | ||
| 245 | 0 |
_aDetencion y libertad : _bfundamentos sustantivos y procesales / _cHeliodoro Fierro-Mendez |
|
| 260 |
_aBogotá, Colombia : _bLeyer, _c2004 |
||
| 300 |
_a348 páginas ; _c23 centímetros |
||
| 521 | _aAREA PROFESIONAL | ||
| 590 | _aPrograma de Derecho_18 | ||
| 650 | _aDetencion preventiva | ||
| 650 | _aLibertad | ||
| 942 |
_cBK _h345.2 _iF465d _2ddc _n0 |
||
| 999 |
_c28980 _d28980 |
||